000
00299nam a22001217a 4500
008
160518b xxu||||| |||| 00| 0 eng d
020
_a
9780781790970
020
_a
9780781790970
041
_a
eng
080
_a
618.2
245
_a
Psychiatric mental health nursing:
_c
Wanda K. Mohr;
942
_2
udc
_c
BK
999
_c
2177
_d
2177